Microscopic objects - Multiple Choices - Statistics

General Stats
  • This quiz has been taken 15 times
    11 since last reset
  • The average score is 4 of 10
Answer Stats
Question Answer % Correct
Which of these atoms isn't a gas ? H²O
67%
What is the smallest animal from that list ? A flea
56%
What is 2,4 nanometers tall ? DNA Fiber
56%
Which of these viruses is not a virus ? E. Coli virus
56%
What is the name of the world's smallest movie ? A boy and his atom
44%
What is the symbol of water molecule ? None of these
44%
What is the smallest lenght possible ? Planck lenght
33%
Which of these noble gases is odd ? Carbon
22%
The red blood cell is... 7 micrometers tall
11%
Which of these atoms have a height of 120 picometers ? Oxygen
11%
No matching quizzes found
Score Distribution
Percent of People with Each Score
Percentile by Number Answered
Your Score History
You have not taken this quiz since the last reset